000 01054nam0a22002771 4500
001 rc\3305106
005 20260407140649.0
021 _aRU
_b[75-25705]
035 _a(NLR Aleph) 007502043
090 _a7668866
_c7668866
100 _a20130115d1974 |||y0rusy50 ca
101 0 _arus
102 _aRU
105 _aa z |||||
200 1 _aДиагностика и лечение больных поперечной блокадой сердца
_eМетод. рекомендации
_fМ-во здравоохранения СССР
210 _aМосква
_cБ. и.
_d1974
215 _a22 с., 1 л. табл.
_d21
300 _aВ конце текста: подгот. д-р мед. наук С.С. Григоров
606 _aСердце
_xБлокада
_2psbo
702 1 _aГригоров
_bС.С.
_4570
712 0 1 _aСССР
_bМинистерство здравоохранения
_3RU\NLR\AUTH\8810007906
_9513517
801 0 _aRU
_bNLR
_gpsbo
801 1 _aRU
_bELAR
_2rusmarc
852 _aNLR
_j75-4/4704
942 _cBOOK
980 _aNB